00884cam a22002292 450000100060000000300080000600500170001400800410003103500190007204000370009104100110012808200220013910000340016124500890019526000360028430000380032050400510035865000740040994200120048399900170049595201420051210839BD-RjUL20211208235027.0140125s1964 enka b 001 0 eng u a(BD-RjUL)10888 cCSUdOCLdUKMdEQOaBD-RjULbeng1 aengger a541.076bFRP 19641 aFromherz, Hans,d1902-93351010aPhysico-chemical calculations in science and industry /cTranslated by G. H. Kinner. aLondon :bButterworths,cc1964. axviii, 355 p. :billus. ;c24 cm. aIncludes bibliographical references and index. 0aChemistry, Physical and theoreticalvProblems, exercises, etc.929612 2ddccBK c10839d10839 00102ddc40718NFICaRUCLbRUCLcReadingd1967-01-27ePak. A. Co.g65.25l0o541.076 FRP 1964r2014-01-25 00:00:00tC-1w2014-01-25yBK